|
|
|
|
| LEADER |
00000nab a2200000 a 4500 |
| 001 |
vtls009002462 |
| 003 |
SK-MaSNL |
| 005 |
20260304150923.0 |
| 008 |
250506c1976 xo |r|p|||||||000 b|slo |
| 015 |
|
|
|a SNBRB2007/06
|2 snkbucl
|
| 035 |
|
|
|a (uuid)869dfa1b-916f-420f-afaa-511059ce8b45
|
| 035 |
|
|
|a urn:nbn:sk:snk-abdr4p
|
| 035 |
|
|
|a (urnnbn)urn:nbn:sk:snk:ar-001n1c
|
| 038 |
|
|
|a SNKBUCL
|
| 040 |
|
|
|a SNKBUCL
|b slo
|c SNKBUCL
|e AACR2
|
| 041 |
0 |
|
|a slo
|
| 044 |
|
|
|a xo
|c SK
|
| 080 |
|
|
|a 72
|2 1997
|
| 100 |
1 |
|
|a Režucha, Ľudovít,
|d 1939-
|4 aut
|9 238562
|
| 245 |
1 |
0 |
|a Tendencie "osobité, socialistické, na svetovej úrovni"
|c Ľ. Režucha
|
| 300 |
|
|
|b Obr.
|
| 650 |
0 |
7 |
|a architektúra
|x tendencie
|2 snkbucl
|9 1472034
|
| 773 |
0 |
|
|t Projekt
|g Roč. 18, č. 3 (1976) , s. 60-62
|
| 850 |
|
|
|a Slovenská národná knižnica
|
| 852 |
|
|
|a Slovenská národná knižnica
|
| 954 |
|
|
|a odborná, vedecká literatúra pôvodná (slovenská)
|2 lita
|
| 958 |
|
|
|a article19
|
| 958 |
|
|
|a OND
|
| 958 |
|
|
|a EUIPO
|
| 999 |
|
|
|c 2940421
|d 2942351
|